| 000 | 01113cam a22003137a 4500 | ||
|---|---|---|---|
| 003 | CHAP | ||
| 005 | 20220329141801.0 | ||
| 008 | 971013s r 00010 d | ||
| 010 | _a73762 | ||
| 011 | _a74734 | ||
| 035 | _a84293 | ||
| 040 | _cCHAP | ||
| 090 | _aFolleto 1882 | ||
| 100 | 0 | 0 |
_aCárdenas Ramos, Francisco A. _924084 |
| 245 | 1 | 3 | _aLa investigación agrícola en México |
| 260 |
_aChapingo, Méx. : _bENA. Colegio de Postgraduados, _c(s.a.) |
||
| 300 |
_a40 h. _b: láms. |
||
| 500 | _aTrabajo presentado en la Reunión sobre Avances de la Producción de Maíz Mejorado en México. Tepalcingo, Mor., 1975 | ||
| 590 |
_aBATCH-UPD _b10 _c20130110 _lUCH01 _h0656 |
||
| 590 |
_aBATCH-UPD _b10 _c20130410 _lUCH01 _h0341 |
||
| 590 |
_aBATCH-UPD _b10 _c20130913 _lUCH01 _h2106 |
||
| 590 |
_aCONVERSION _b10 _c20130109 _lUCH01 _h1340 |
||
| 650 | 1 | 4 |
_aAgricultura _xInvestigación _xMéxico. _91643 |
| 700 | 0 |
_aMoreno Dahme, Rodolfo. _978590 |
|
| 901 | _aBK | ||
| 942 | _cFOLL | ||
| 949 |
_aFolleto 1882 _bBC _cFOLL _d-39537 _eTS2 _fc.2 _i84293 _mD _si |
||
| 949 |
_aFolleto 1882 _bBC _cUACH _d-39536 _eTS1 _i84293 _mD _si |
||
| 999 |
_c73762 _d73762 |
||